| 000 | 00570nam a2200217Ia 4500 | ||
|---|---|---|---|
| 999 |
_c129889 _d129889 |
||
| 001 | 2222 | ||
| 003 | PK-LaUMT | ||
| 005 | 20221223111934.0 | ||
| 008 | 140314s9999 xx 000 0 und d | ||
| 020 | _a0060913363 | ||
| 040 | _cPK-LaUMT | ||
| 082 |
_a 658.409 _bBEN-L |
||
| 100 | _aBurt Nanus | ||
| 245 |
_aLeaders _bthe strategies for taking charge _cBurt Nanus<>Warren Bennis |
||
| 260 |
_aNew York,USA: _bHarper & Row Publishers, _c1986 |
||
| 300 | _a244 p. | ||
| 546 | _aEN | ||
| 650 | _aExecutive ability | ||
| 700 | _aWarren Bennis | ||
| 942 |
_cSTK2003 _2ddc |
||